000
00332nam a2200133Ia 4500
008
240624s9999 xx 000 0 und d
041
_a
eng
082
_a
658.408 GAR
100
_a
GARFIELD CHARLES
245
_a
SOUL OF BUSINESS
260
_c
1997
_a
United State
_b
Hay House
300
_a
xii, : 226 : p. : cm. ; 21
365
_c
RS
_b
35
999
_c
7923
_d
7923